000 00488nam a2200169Ia 4500
003 GCL
008 140319s9999 xx 000 0 eng d
040 _aGCL /
_cGCL
082 0 4 _a004
_bC C
100 1 _aCAPRON, H. L.
245 1 0 _aCOMPUTERS TOOLS FOR AN INFORMATION AGE /
_cCAPRON, H. L.
260 _a[S.N] :
_bTHE BENJAMIN\ CUMMINGS PUBLISHING COMPAN ،
_c1996
300 _a429 P
650 0 4 _aCOMPUTERS AND INFORMATION SYSTEM
650 0 4 _aINFORMATION SYSTEMS
942 _2ddc
_cBK
999 _c12987
_d12987